Finanční deriváty v ekonomice firem

Základné výhody a nevýhody využitia finančných derivátov pre riadenie finančných tokoch firiem. Vytvorenie modelov kedy je potrebné a kedy nie je potrebné riešiť problém devízovej expozície firmy a jej zaistenie proti kurzovému riziku. Porovnanie teoretickej situácie irelevancie hedgingu a možnej pr...

Descripción completa

Guardado en:
Detalles Bibliográficos
Autor principal: Šturc, Boris, 1961-
Otros Autores: Čurlejová, Libuša
Formato: Capítulo de libro
Lenguaje:checo
Materias:
Etiquetas: Agregar Etiqueta
Sin Etiquetas, Sea el primero en etiquetar este registro!

MARC

LEADER 00000nla$a2200000$$$4500
001 0084656
005 20240502083225.1
041 0 |a cze 
044 |a CZ 
245 1 0 |a Finanční deriváty v ekonomice firem  |c Boris Šturc, Libuša Čurlejová 
520 |a Základné výhody a nevýhody využitia finančných derivátov pre riadenie finančných tokoch firiem. Vytvorenie modelov kedy je potrebné a kedy nie je potrebné riešiť problém devízovej expozície firmy a jej zaistenie proti kurzovému riziku. Porovnanie teoretickej situácie irelevancie hedgingu a možnej praktickej situácie, v ktorej sa môže firma ocitnúť. 
610 2 0 |a riziko kurzové 
610 2 0 |a devízy 
610 2 0 |a hedging 
610 2 0 |a náklady transakčné 
100 1 |a Šturc, Boris, 1961- 
700 1 |a Čurlejová, Libuša